header

Out-executing the competition (Record no. 78228)

MARC details
000 -LEADER
fixed length control field 02928nam a2200385 a 4500
082 04 - DEWEY DECIMAL CLASSIFICATION NUMBER
Classification number 332.1092
-- B
100 1# - MAIN ENTRY--AUTHOR NAME
Personal name Rothman, Irv.
245 10 - TITLE STATEMENT
Title Out-executing the competition
250 ## - EDITION STATEMENT
Edition statement 1st ed.
260 ## - PUBLICATION, DISTRIBUTION, ETC. (IMPRINT)
Place of publication Hoboken, N.J. :
Name of publisher Wiley,
Year of publication 2012.
300 ## - PHYSICAL DESCRIPTION
Number of Pages xiii, 222 p. :
Other physical details ill.
500 ## - GENERAL NOTE
General note Includes index.
520 ## - SUMMARY, ETC.
Summary, etc "An inside look at what makes a successful financial services companyIrv Rothman may not have considered a career in the financial services early on, but he ended up in leadership positions at AT&T, Compaq and, for over a decade, Hewlett-Packard. His consistent record of success and insider perspective make him the perfect guide to the art of building and growing a financial services company, and in Out-Executing the Competition he shares his remarkable story and years of experience, giving readers a glimpse into his numerous accomplishments and providing takeaways they can apply to their own companies, whatever the industry.An engaging and lively account of Rothman's career focusing on his work at financial services companies during some of the most economically challenging periods of the past thirty years, the book explores the methods and tactics he used to help his companies not only weather financial uncertainty, but to thrive. Tells the story of financial services company expert Irv Rothman, in his own words Includes invaluable insights into how to build a financial services company that can survive and thrive in even the toughest economic climate Helps readers working at financial services companies and in other industries to construct solid businesses that can outperform their competition Part biography, part how-to guide, Out-Executing the Competition is the ultimate inside look at building a financial services company that's sure to succeed"--
650 #0 - SUBJECT ADDED ENTRY--TOPICAL TERM
Topical Term Investment advisors
Topical Term Stockbrokers
Topical Term Finance
Topical Term Investments
856 40 - ELECTRONIC LOCATION AND ACCESS
Uniform Resource Identifier http://site.ebrary.com/lib/rucke/Doc?id=10575603
520 ## - SUMMARY, ETC.
-- Provided by publisher.

No items available.

© 2026 Rongo University
Contact us: librarian | system librarian | Rongo university